Central Library OPAC University of Rajshahi

A history of Greek political thought / (Record no. 35918)

MARC details
000 -LEADER
fixed length control field 00749nam a2200253u 4500
001 - CONTROL NUMBER
control field 35918
003 - CONTROL NUMBER IDENTIFIER
rucl marc code BD-RjUL
005 - DATE AND TIME OF LATEST TRANSACTION
control field 20211209052413.0
008 - FIXED-LENGTH DATA ELEMENTS--GENERAL INFORMATION
fixed length control field 140611r19591951enk 001 0 eng
035 ## - SYSTEM CONTROL NUMBER
System control number (BD-RjUL)36014
040 ## - CATALOGING SOURCE
Original cataloging agency DLC
Transcribing agency CarP
Modifying agency BD-RjUL
Language of cataloging eng
041 ## - LANGUAGE CODE
Language code of text/sound track or separate title eng
082 ## - DEWEY DECIMAL CLASSIFICATION NUMBER
Classification number 320.0938
Author mark and year SIH 1959
100 1# - MAIN ENTRY--PERSONAL NAME
Personal name Sinclair, T. A.
Fuller form of name (Thomas Alan),
Dates associated with a name 1899-1961.
9 (RLIN) 109353
245 12 - TITLE STATEMENT
Title A history of Greek political thought /
Statement of responsibility, etc. T A Sinclair
260 ## - PUBLICATION, DISTRIBUTION, ETC. (IMPRINT)
Place of publication, distribution, etc. London :
Name of publisher, distributor, etc. Routledge & Paul,
Date of publication, distribution, etc. 1951 [impression 1959].
300 ## - PHYSICAL DESCRIPTION
Pagination viii, 317 p. ;
Size 23 cm.
504 ## - BIBLIOGRAPHY, ETC. NOTE
Bibliography, etc Includes index.
650 #0 - SUBJECT ADDED ENTRY--TOPICAL TERM
Topical term or geographic name as entry element Political science
Geographic subdivision Greece
General subdivision History.
9 (RLIN) 55252
942 ## - ADDED ENTRY ELEMENTS (KOHA)
Source of classification or shelving scheme Dewey Decimal Classification
Koha item type Books
Holdings
Lost status Source of classification or shelving scheme Damaged status Not for loan Collection code Permanent Location Current Location Shelving location Date acquired Source of acquisition Cost, normal purchase price Total Checkouts Full call number Date last seen Copy number Koha item type
  Dewey Decimal Classification     Non-fiction Central Library, University of Rajshahi Central Library, University of Rajshahi   14/02/1955 M. B. P. 7.13   320.0938 SIH 1959 11/06/2014 C-4 Books
  Dewey Decimal Classification     Non-fiction Central Library, University of Rajshahi Central Library, University of Rajshahi   14/02/1955 M. B. P. 7.13   320.0938 SIH 1959 11/06/2014 C-2 Books
  Dewey Decimal Classification     Non-fiction Central Library, University of Rajshahi Central Library, University of Rajshahi     sweets & zettinger 32.00   320.0938 SIH 1959 15/06/2014 C-3 Books